Researching and Analysing Business: Research Methods in Practice (Record no. 43400)
[ view plain ]
| 000 -LEADER | |
|---|---|
| fixed length control field | 00542nam a22001817a 4500 |
| 005 - DATE AND TIME OF LATEST TRANSACTION | |
| control field | 20250326112101.0 |
| 008 - FIXED-LENGTH DATA ELEMENTS--GENERAL INFORMATION | |
| fixed length control field | 250326b |||||||| |||| 00| 0 eng d |
| 020 ## - INTERNATIONAL STANDARD BOOK NUMBER | |
| International Standard Book Number | 9780367620653 |
| 041 ## - LANGUAGE CODE | |
| Language code of text/sound track or separate title | Eng. |
| 082 ## - DEWEY DECIMAL CLASSIFICATION NUMBER | |
| Classification number | 658 FOR |
| 100 ## - MAIN ENTRY--PERSONAL NAME | |
| Author | Foroudi, Pantea |
| 245 ## - TITLE STATEMENT | |
| Title | Researching and Analysing Business: Research Methods in Practice |
| 260 ## - PUBLICATION, DISTRIBUTION, ETC. | |
| Place | New York |
| Publisher | Routledge |
| Publication Year | 2024 |
| 300 ## - PHYSICAL DESCRIPTION | |
| Extent | 437;. P. 25 cm |
| 650 ## - SUBJECT ADDED ENTRY--TOPICAL TERM | |
| Subject | Industrial Management-Research; Methodology; Business-Research-Methodology |
| 700 ## - ADDED ENTRY--PERSONAL NAME | |
| Co-Author | Dennis, Charles |
| 942 ## - ADDED ENTRY ELEMENTS (KOHA) | |
| Koha item type | Books |
| Withdrawn status | Lost status | Source of classification or shelving scheme | Damaged status | Not for loan | Home library | Current library | Shelving location | Accession Date | Vendor | Price | Bill number | Full call number | Barcode No | Date last seen | Discount | Bill Date | Koha item type | Suggested By |
|---|---|---|---|---|---|---|---|---|---|---|---|---|---|---|---|---|---|---|
| Dewey Decimal Classification | IMTN | IMTN | Rack 22-B | 03/19/2025 | Raghav Books Private Limited | 4450.89 | 2374 | 658 FOR | 33691 | 03/26/2025 | 33 | 02/14/2025 | Books | Dr. Shanthi Perumal |